Object tracking and detection using extreme learning machine. (Record no. 5217)

MARC details
000 -LEADER
fixed length control field 00513nam a22001697a 4500
003 - CONTROL NUMBER IDENTIFIER
control field OSt
005 - DATE AND TIME OF LATEST TRANSACTION
control field 20220107122815.0
008 - FIXED-LENGTH DATA ELEMENTS--GENERAL INFORMATION
fixed length control field 160610b xxu||||| |||| 00| 0 eng d
040 ## - CATALOGING SOURCE
Transcribing agency IIITMK
100 ## - MAIN ENTRY--PERSONAL NAME
Personal name Jitha P Nair (93515012)
9 (RLIN) 9732
245 ## - TITLE STATEMENT
Title Object tracking and detection using extreme learning machine.
300 ## - PHYSICAL DESCRIPTION
Extent Mini Project
502 ## - DISSERTATION NOTE
Degree type MPhil Computer Science<br/>
Name of granting institution 2015-16
Year degree granted INT
-- Dr. Elizabeth Sherly
650 ## - SUBJECT ADDED ENTRY--TOPICAL TERM
Topical term or geographic name entry element MACHINE LEARNING
9 (RLIN) 9733
650 ## - SUBJECT ADDED ENTRY--TOPICAL TERM
Topical term or geographic name entry element ARTIFICAL NEURAL NETWORK
9 (RLIN) 9734
942 ## - ADDED ENTRY ELEMENTS (KOHA)
Source of classification or shelving scheme Dewey Decimal Classification
Koha item type
Holdings
Withdrawn status Lost status Source of classification or shelving scheme Damaged status Not for loan Home library Current library Date acquired Total Checkouts Barcode Date last seen Price effective from Koha item type
    Dewey Decimal Classification     IIITM-K Kerala University of Digital Sciences, Innovation and Technology Knowledge Centre 10/06/2016   R-748 10/06/2016 10/06/2016 Project Reports